000 01225cam a2200229 4500
001 ABS63337
008 000000n2000 000 0 eng u
035 _a(Sirsi) u109897
100 _aWilliams, J
245 _aDistrict centres have no need requirement
260 _c2000
490 _aPlanning (for the Natural and Built Environment)
_v(1396) 24 November 2000, 20(1)
520 _aExamines a High Court hearing, involving an appeal by Tesco against the SoS's refusal to allow an extension to a store in Kettering, where the judgment clarifies the interpretation of the February 1999 ministerial statement on retail development in district centres. The article examines the approach taken by inspectors towards the interpretaion of PPG6, the ministerial statement and the phrase 'out-of-centre' and concludes that policy is not clear on this point and that city, town and district centres should all represent preferred locations for new retail developments.
590 _aABS
650 _aPLANNING POLICY
650 _aPLANNING POLICY GUIDANCE NOTE SIX
650 _aDEVELOPMENT CONTROL
650 _aRETAIL DEVELOPMENT
650 _aTOWN CENTRES
690 _aPlanning and development
_96259
942 _n0
999 _c65562
_d65562